Empleo rural, estado y políticas públicas en la región sur de Guatemala /
Guardat en:
| Autor principal: | |
|---|---|
| Autor corporatiu: | , |
| Format: | Text |
| Publicat: |
San José:
CSUCA. CIID. SEGEPLAN
|
| Etiquetes: |
Afegir etiqueta
Sense etiquetes, Sigues el primer a etiquetar aquest registre!
|
MARC
| LEADER | 00000 a a2200000 04500 | ||
|---|---|---|---|
| 001 | 21025 | ||
| 003 | |||
| 040 | |||
| 090 | |a 090600 | ||
| 100 | |a Cardona, Rokael | ||
| 110 | |a CSUCA | ||
| 245 | |a Empleo rural, estado y políticas públicas en la región sur de Guatemala / |c CSUCA | ||
| 260 | |a San José: |b CSUCA. CIID. SEGEPLAN | ||
| 300 | |a 369 p. | ||
| 710 | |a CIID |a SEGEPLAN | ||
| 999 | |c 10678 |d 10678 | ||
